| 000 | 00685pam a2200217 a 4500 | ||
|---|---|---|---|
| 001 | 3733391 | ||
| 005 | 20250326105615.0 | ||
| 008 | 810731s1982 nyua b 001 0 eng | ||
| 020 | _a0070212155 | ||
| 050 | 0 | 0 |
_aHD9980.5 _b.F55 |
| 082 | 0 | 0 |
_a658.5 _219 |
| 100 | 1 | _aFitzsimmons, James A. | |
| 245 | 1 | 0 |
_aService operations management / _cJames A. Fitzsimmons, Robert S. Sullivan. |
| 260 |
_aNew York : _bMcGraw-Hill, _cc1982. |
||
| 300 |
_axiv, 449 p. : _bill. ; _c25 cm. |
||
| 440 | 0 | _aMcGraw-Hill series in quantitative methods for management | |
| 650 | 0 |
_aService industries _xManagement. |
|
| 650 | 0 | _aOperations research. | |
| 700 | 1 | _aSullivan, Robert S. | |
| 942 |
_2lcc _cBK _n0 |
||
| 999 |
_c5203 _d5203 |
||